000 01034nam a22002295i 4500
001 160547
003 ES-MaACL
005 20250901101512.0
008 041008s1884 sp |||| | spa d
040 _aCAM
_bspa
_cCAM
100 1 _aNavarro, Felipe Benicio,
_d1840-1901
_eaut
_985065
245 1 4 _aLas cámaras de comercio /
_cpor F.B.N.
260 _aMadrid :
_b[s.n.],
_c1884
_f(Est. Tip. de El Correo a cargo de F. Fernández)
300 _a68 páginas ;
_c21 cm.
594 _aLas iniciales F.B.N. corresponden a Felipe Benicio Navarro
650 7 _aCámaras de comercio
_2embne
_9135862
852 _aES-MaACL
_cDEPOF
_eEjemplar falto de cub. original
_gDedicatoria ms. del autor a la Biblioteca del Ateneo de Madrid
_hDonativo de Felipe Benicio Navarro
_jT-357-F-13
_xEnc. en un vol. facticio
_xHolandesa
852 _aES-MaACL
_cDEPOF
_eEjemplar falto de cub. original
_jT-376-F-2
_xEnc. en un vol. facticio
_xHolandesa
942 _2udc
_cFOLLETOS
_n0
999 _c160547
_d160547